Spokojnosť zamestnancov vo vybranom podniku na Slovensku diplomová práca

Gespeichert in:
Bibliographische Detailangaben
1. Verfasser: Hričan, Peter
Körperschaft: Podnikovohospodárska fakulta EU so sídlom v Košiciach. Katedra hospodárskej informatiky a matematiky
Weitere Verfasser: Lyócsa, Štefan, 1982-
Format: Buch
Sprache:Slowakisch
Veröffentlicht: Košice 2010
Tags: Tag hinzufügen
Keine Tags, Fügen Sie das erste Tag hinzu!

MARC

LEADER 00000nam$a2200000$$$4500
001 0123109
005 20240318123437.5
041 0 |a slo 
044 |a SK 
245 1 0 |a Spokojnosť zamestnancov vo vybranom podniku na Slovensku  |b diplomová práca  |c Peter Hričan ; škol. Štefan Lyócsa 
264 1 |a Košice  |c 2010 
300 |a 63 s. 
100 1 |a Hričan, Peter 
700 1 |a Lyócsa, Štefan, 1982- 
710 2 |a Podnikovohospodárska fakulta EU so sídlom v Košiciach. Katedra hospodárskej informatiky a matematiky